[Event "Arab-ch"]
[Site "Khartoum"]
[Date "2023.03.04"]
[Round "8"]
[White "Al Zadjali, Abdul Rahman"]
[Black "Islam, Sh Nour Kassim"]
[Result "0-1"]
[WhiteElo "1888"]
[BlackElo "1913"]
[PlyCount "83"]
[EventDate "2023.02.26"]
[EventType "swiss"]
[EventRounds "9"]
[EventCountry "SUD"]
[SourceTitle "CBM 213 Extra"]
[Source "ChessBase"]
[SourceDate "2023.05.31"]
[SourceVersion "1"]
[SourceVersionDate "2023.05.31"]
[SourceQuality "1"]

1. d4 Nf6 2. c4 e6 3. Nc3 Bb4 4. f3 Bxc3+ 5. bxc3 d5 6. e4 c6 7. e5 Nfd7 8. f4 b6 9. Ba3 Ba6 10. Bd6 Nf8 11. Qa4 Qc8 12. Nh3 Bxc4 13. Bxc4 dxc4 14. 0-0 Qa6 15. Qc2 g6 16. Ng5 Nbd7 17. Ne4 h6 18. Qf2 0-0-0 19. Be7 Kc7 20. Bxd8+ Kxd8 21. Qh4+ Kc7 22. Qe7 Rh7 23. Nf6 Qa4 24. Nxh7 Nxh7 25. Qxf7 Nhf8 26. Qe7 a5 27. Rf2 h5 28. h3 Qb5 29. g4 hxg4 30. hxg4 Qd5 31. Re1 c5 32. f5 gxf5 33. gxf5 cxd4 34. fxe6 Nxe6 35. Rf6 Nec5 36. e6 Qg5+ 37. Kf1 Qxf6+ 38. Qxf6 Nxf6 39. cxd4 Nce4 40. Kg2 Kd6 41. d5 Kxd5 42. Rd1+ 0-1

[Event "Arab-ch"]
[Site "Khartoum"]
[Date "2023.03.02"]
[Round "5"]
[White "Abadame, Mohamed Abdalla"]
[Black "Islam, Sh Nour Kassim"]
[Result "0-1"]
[WhiteElo "1653"]
[BlackElo "1913"]
[PlyCount "120"]
[EventDate "2023.02.26"]
[EventType "swiss"]
[EventRounds "9"]
[EventCountry "SUD"]
[SourceTitle "CBM 213 Extra"]
[Source "ChessBase"]
[SourceDate "2023.05.31"]
[SourceVersion "1"]
[SourceVersionDate "2023.05.31"]
[SourceQuality "1"]

1. d4 d5 2. c4 Nf6 3. Nc3 e6 4. cxd5 exd5 5. Bg5 Be7 6. e3 h6 7. Bh4 0-0 8. Bd3 b6 9. Nf3 Bb7 10. 0-0 Nbd7 11. a3 Ne4 12. Bxe7 Qxe7 13. Qc2 c5 14. dxc5 Ndxc5 15. b4 Nxd3 16. Qxd3 Nf6 17. Rfd1 Rfd8 18. Nd4 Qe5 19. h3 Rac8 20. Rac1 Ne4 21. Nce2 Qf6 22. Nf3 Qb2 23. Nfd4 Rxc1 24. Rxc1 Rc8 25. Rxc8+ Bxc8 26. Nc6 Be6 27. Ne7+ Kh8 28. Nxd5 Qa1+ 29. Kh2 Qe5+ 30. Nef4 g5 31. Ne7 Nf6 32. Qd8+ Kg7 33. Nc6 Qe4 34. Nxe6+ Qxe6 35. Nxa7 Qe5+ 36. g3 Qb2 37. Kg2 Qxa3 38. Qxb6 Qa2 39. Qc5 Qb1 40. Qd4 Kg6 41. b5 h5 42. g4 hxg4 43. hxg4 Qc2 44. Nc6 Ne4 45. Ne5+ Kh7 46. Nd3 Nd2 47. Qd5 Qb1 48. Qxf7+ Kh6 49. Qh5+ Kg7 50. Qxg5+ Kf8 51. Qd8+ Kg7 52. Qg5+ Kf8 53. Qh6+ Kg8 54. b6 Qxd3 55. Qe6+ Kg7 56. b7 Qf1+ 57. Kg3 Qg1+ 58. Kf4 Qxf2+ 59. Kg5 Nf3+ 60. Kf5 Nd4+ 0-1

[Event "Africa-ch U2000"]
[Site "Mombasa"]
[Date "2022.12.03"]
[Round "9"]
[White "Abdallah, Hessin Humad"]
[Black "Islam, Sh Nour Kassim"]
[Result "1/2-1/2"]
[WhiteElo "1889"]
[BlackElo "1878"]
[PlyCount "57"]
[EventDate "2022.11.27"]
[EventType "swiss"]
[EventRounds "9"]
[EventCountry "KEN"]
[SourceTitle "EXT 2024"]
[Source "ChessBase"]
[SourceDate "2023.10.10"]
[SourceVersion "1"]
[SourceVersionDate "2023.10.10"]
[SourceQuality "1"]

1. e4 d5 2. exd5 Qxd5 3. Nc3 Qd8 4. d4 e6 5. Nf3 Nf6 6. Bf4 c6 7. Bd3 Bd6 8. Bg5 h6 9. Bh4 Nbd7 10. Ne4 Be7 11. Nxf6+ Bxf6 12. Bxf6 Qxf6 13. c3 0-0 14. 0-0 e5 15. Qe2 exd4 16. cxd4 Nb6 17. Qe4 g6 18. Qe3 Kg7 19. Ne5 Nd5 20. Qg3 Nf4 21. Rad1 Be6 22. Rfe1 Rfe8 23. Bf1 c5 24. Re4 Nh5 25. Qe3 Bf5 26. Ng4 Bxg4 27. Rxg4 cxd4 28. Rgxd4 Qxd4 29. Qxd4+ 1/2-1/2

[Event "Olympiad-44"]
[Site "Chennai"]
[Date "2022.08.05"]
[Round "7.3"]
[White "Islam, Sh Nour Kassim"]
[Black "Nsubuga, Haruna"]
[Result "0-1"]
[WhiteElo "1873"]
[BlackElo "2160"]
[PlyCount "252"]
[EventDate "2022.07.29"]
[EventType "team-swiss"]
[EventRounds "11"]
[EventCountry "IND"]
[SourceTitle "CBM 210"]
[Source "ChessBase"]
[SourceDate "2022.10.31"]
[SourceVersion "1"]
[SourceVersionDate "2022.10.31"]
[SourceQuality "1"]
[WhiteTeam "Somalia"]
[BlackTeam "Uganda"]
[WhiteTeamCountry "SOM"]
[BlackTeamCountry "UGA"]

1. b3 e5 2. Bb2 Nc6 3. e3 d6 4. Bb5 Nge7 5. d4 a6 6. Bxc6+ Nxc6 7. d5 Ne7 8. c4 g6 9. Ne2 Bg7 10. 0-0 0-0 11. Nbc3 f5 12. f4 c5 13. Qc2 b5 14. Nd1 bxc4 15. bxc4 Bd7 16. Nf2 Rb8 17. Bc3 Nc8 18. Rab1 Ra8 19. Rb7 Re8 20. Nh3 h6 21. Rfb1 Re7 22. Qb2 Ba4 23. Rxe7 Qxe7 24. Qb7 Qxb7 25. Rxb7 Ra7 26. Rb8 Bd7 27. Ba5 Kf7 28. Nf2 e4 29. Nd1 Bf6 30. Ndc3 Ke7 31. Kf2 g5 32. g3 g4 33. Ke1 h5 34. Kd2 h4 35. gxh4 Bxh4 36. Ng3 Kf7 37. Ke1 Bf6 38. Nge2 Kg6 39. Kf2 Bh4+ 40. Kg2 Be1 41. Bb6 Nxb6 42. Rxb6 Kf7 43. Rxd6 Rb7 44. Rxa6 Rb2 45. Kf1 Bd2 46. Ra3 Bxe3 47. Nxe4 Bxf4 48. Nxc5 Bd6 49. Ra7 Bxc5 50. Rxd7+ Kf6 51. Rc7 Be3 52. Rc6+ Kf7 53. Re6 f4 54. Nxf4 Bxf4 55. Re4 Bxh2 56. Rxg4 Rxa2 57. Rh4 Bd6 58. Rh6 Bc5 59. Rc6 Bd4 60. Ke1 Bf6 61. Kd1 Kg6 62. d6 Kf7 63. c5 Bg5 64. Ke1 Ke6 65. Rc8 Rc2 66. Kd1 Rd2+ 67. Ke1 Rh2 68. Kf1 Rc2 69. Ke1 Bf4 70. Kd1 Rc1+ 71. Ke2 Rc3 72. Rc7 Bg5 73. Rc8 Kd7 74. Rc7+ Ke6 75. Rc8 Ra3 76. Rc7 Bd8 77. Rh7 Rc3 78. Rh8 Ba5 79. Rh5 Ra3 80. Rh7 Bd8 81. Rh8 Ra8 82. Kd3 Kd5 83. Rh5+ Kc6 84. Rf5 Bh4 85. Kc4 Rh8 86. Rd5 Bf6 87. Rd3 Rh4+ 88. Kb3 Kxc5 89. d7 Rb4+ 90. Kc2 Rb8 91. Kd1 Rd8 92. Ke2 Bd4 93. Rh3 Rxd7 94. Kd3 Kd5 95. Rh5+ Be5 96. Rh1 Rf7 97. Rh3 Ra7 98. Rh4 Ra3+ 99. Ke2 Rb3 100. Ra4 Bd4 101. Ra8 Ke4 102. Re8+ Be5 103. Rd8 Rh3 104. Rf8 Re3+ 105. Kd2 Ra3 106. Rc8 Rh3 107. Kc2 Rh2+ 108. Kb3 Rb2+ 109. Ka3 Rb7 110. Ka4 Kd5 111. Rc2 Bd4 112. Rc8 Bc5 113. Rg8 Kc4 114. Rg4+ Bd4 115. Rg5 Rh7 116. Rf5 Rh1 117. Rf3 Ra1+ 118. Ra3 Rb1 119. Rh3 Rb8 120. Rh5 Ra8+ 121. Ra5 Rb8 122. Rh5 Rb4+ 123. Ka5 Rb7 124. Ka4 Bf2 125. Rf5 Be3 126. Rf3 Ra7# 0-1

[Event "Addis Ababa zt 4.4"]
[Site "Addis Ababa"]
[Date "2022.05.07"]
[Round "7"]
[White "Islam, Sh Nour Kassim"]
[Black "Abdelazeez, Mohamed Abdalla"]
[Result "0-1"]
[WhiteElo "1849"]
[BlackElo "2180"]
[PlyCount "49"]
[EventDate "2022.05.02"]
[EventType "swiss"]
[EventRounds "9"]
[EventCountry "ETH"]
[SourceTitle "CBM 208 Extra"]
[Source "ChessBase"]
[SourceDate "2022.07.31"]
[SourceVersion "1"]
[SourceVersionDate "2022.07.31"]
[SourceQuality "1"]

1. b3 b6 2. e4 Bb7 3. Nc3 g6 4. Bb2 Bg7 5. d4 c5 6. d5 d6 7. Qd2 a6 8. a4 Nf6 9. Bd3 e6 10. Bc4 Nxe4 11. Qd3 Nxc3 12. Bxc3 e5 13. 0-0-0 0-0 14. Qe2 b5 15. axb5 axb5 16. Bxb5 Na6 17. Ba4 Nb4 18. Bxb4 cxb4 19. Nf3 Qc7 20. Qe3 Rfc8 21. Ne1 Ra5 22. Qe4 f5 23. Qxb4 Rc5 24. Qd2 Rxd5 25. Qe2 0-1

[Event "Addis Ababa zt 4.4"]
[Site "Addis Ababa"]
[Date "2022.05.03"]
[Round "3"]
[White "Islam, Sh Nour Kassim"]
[Black "Shiferaw, Yalemzewde Mekonnen"]
[Result "0-1"]
[WhiteElo "1849"]
[BlackElo "1995"]
[PlyCount "23"]
[EventDate "2022.05.02"]
[EventType "swiss"]
[EventRounds "9"]
[EventCountry "ETH"]
[SourceTitle "CBM 208 Extra"]
[Source "ChessBase"]
[SourceDate "2022.07.31"]
[SourceVersion "1"]
[SourceVersionDate "2022.07.31"]
[SourceQuality "1"]

1. b4 e5 2. Bb2 Nc6 3. e3 d6 4. Bb5 Nf6 5. d4 exd4 6. Qxd4 Be7 7. Nc3 0-0 8. Bxc6 bxc6 9. Nf3 c5 10. Qd3 a5 11. Ne4 Ba6 12. Qc3 0-1

[Event "Online Olym Div4 B"]
[Site "Chess.com INT"]
[Date "2021.08.20"]
[Round "3.1"]
[White "Islam, Sh Nour Kassim"]
[Black "Khalema, Sechaba"]
[Result "0-1"]
[WhiteElo "1812"]
[BlackElo "1826"]
[PlyCount "58"]
[EventDate "2021.08.20"]
[EventType "team (rapid)"]
[EventRounds "11"]
[EventCountry "USA"]
[SourceTitle "CBM 203 Extra"]
[Source "ChessBase"]
[SourceDate "2021.09.30"]
[SourceVersion "1"]
[SourceVersionDate "2021.09.30"]
[SourceQuality "1"]
[WhiteTeam "Somalia"]
[BlackTeam "Lesotho"]
[WhiteTeamCountry "SOM"]
[BlackTeamCountry "LES"]

1. d4 d5 2. Nf3 Nf6 3. c4 e6 4. cxd5 exd5 5. Nc3 Nbd7 6. Bg5 c6 7. e3 Be7 8. Bd3 0-0 9. h4 Re8 10. Qc2 Nf8 11. 0-0-0 a5 12. Kb1 Be6 13. Bxf6 Bxf6 14. Rdg1 b5 15. g4 a4 16. g5 Be7 17. h5 b4 18. Ne2 b3 19. axb3 axb3 20. Qxb3 Qa5 21. g6 Reb8 22. gxh7+ Kh8 23. h6 g6 24. Qc3 Bb4 25. Qxc6 Qa2+ 26. Kc2 Rc8 27. Rxg6 Rxc6+ 28. Kd1 Qb3+ 29. Bc2 Qxc2# 0-1

[Event "Olympiad-43"]
[Site "Batumi"]
[Date "2018.10.03"]
[Round "9.1"]
[White "Islam, Sh Nour Kassim"]
[Black "Al Mashikhi, Salim Aliyan"]
[Result "0-1"]
[WhiteElo "1995"]
[BlackElo "2095"]
[PlyCount "103"]
[EventDate "2018.09.24"]
[EventType "team-swiss"]
[EventRounds "11"]
[EventCountry "GEO"]
[SourceTitle "CBM 187"]
[Source "ChessBase"]
[SourceDate "2018.12.11"]
[SourceVersion "1"]
[SourceVersionDate "2018.12.11"]
[SourceQuality "1"]
[WhiteTeam "Somalia"]
[BlackTeam "Oman"]
[WhiteTeamCountry "SOM"]
[BlackTeamCountry "OMN"]

1. d4 Nf6 2. c4 e6 3. Nc3 Bb4 4. Qb3 Nc6 5. Nf3 d5 6. Bg5 dxc4 7. Qxc4 Qd5 8. Qxd5 Nxd5 9. Rc1 f6 10. Bd2 0-0 11. e3 Nxc3 12. Bxc3 Bxc3+ 13. Rxc3 Bd7 14. Bc4 Rac8 15. d5 Nd8 16. Nd4 exd5 17. Bxd5+ Kh8 18. b4 c6 19. Bb3 Ra8 20. 0-0 a5 21. b5 cxb5 22. Rc7 Bc6 23. Nf5 g6 24. Nh6 a4 25. Bf7 Kg7 26. Bg8+ Kxh6 27. Rxh7+ Kg5 28. h4+ Kf5 29. Rg7 Rxg8 30. Rxg8 b6 31. f3 Nf7 32. g4+ Ke6 33. Rg7 Ne5 34. e4 b4 35. Kf2 b3 36. axb3 axb3 37. Rb1 b2 38. Ke2 Ra2 39. h5 gxh5 40. gxh5 Bb5+ 41. Ke3 Bd3 42. h6 Bxb1 43. h7 Ra3+ 44. Kf2 Rxf3+ 45. Kg2 Bxe4 46. h8Q Rf1+ 47. Kg3 Rg1+ 48. Kf4 Rxg7 49. Qc8+ Rd7 50. Qe8+ Kd6 51. Qf8+ Kc7 52. Qxf6 0-1